LEADER 01139nam a2200289 i 4500 001 991001978399707536 008 130306s2012 flua b 001 0 eng 020 $a9781439879443 (hardback) 035 $ab14101518-39ule_inst 040 $aFacoltà SSPT$bita 082 0 $a532/.0527$223 100 1 $aSengupta, Tapan Kumar,$d1955-$0478154 245 10$aInstabilities of flows and transition to turbulence /$cTapan K. Sengupta 260 $aBoca Raton, FL :$bTaylor & Francis,$c2012 300 $axxxii, 478 p. :$bill. ;$c26 cm 504 $aIncludes bibliographical references (p. 447-471) and index 650 0$aTurbulence 650 0$aTransition flow 650 0$aStability 650 7$aSCIENCE / Physics$2bisacsh. 650 7$aTECHNOLOGY & ENGINEERING / Mechanical$2bisacsh. 907 $a.b14101518$b02-04-14$c06-03-13 912 $a991001978399707536 945 $aLE020ING 532.05 SEN01.01$g1$i2020000045021$lle020$op$pE100.48$q-$rl$s- $t0$u0$v0$w0$x0$y.i15487799$z06-03-13 996 $aInstabilities of flows and transition to turbulence$9265140 997 $aUNISALENTO 998 $ale020$b06-03-13$cm$da $e-$feng$gflu$h0$i0 LEADER 01159nam 2200349z- 450 001 9910689819903321 005 20161209104550.0 035 $a(CKB)5860000000027732 035 $a(BIP)012881004 035 $a(EXLCZ)995860000000027732 100 $a20220406c2005uuuu -u- - 101 0 $aeng 200 10$aLibya $eprogress on the path toward cautious reengagement : hearing before the Committee on International Relations, House of Representatives, One Hundred Ninth Congress, first session, March 16, 2005 215 $a1 online resource (iii, 19 p.) 311 $a0-16-074836-4 517 $aLibya 606 $aHuman rights$zLibya 606 $aTerrorism$xGovernment policy$zLibya 607 $aLibya$xPolitics and government$y1969- 607 $aUnited States$xForeign relations$zLibya 607 $aLibya$xForeign relations$zUnited States 610 $aHuman rights 610 $aTerrorism 610 $aLibya 610 $aUnited States 610 $aPolitical science 615 0$aHuman rights 615 0$aTerrorism$xGovernment policy 906 $aBOOK 912 $a9910689819903321 996 $aLibya$91306845 997 $aUNINA